<?xml version='1.0' encoding='UTF-8'?>
  <record xmlns="http://www.loc.gov/MARC21/slim">
    <leader>00000cam a2200000 i 4500</leader>
    <controlfield tag="001">ocm09240226</controlfield>
    <controlfield tag="003">OCoLC</controlfield>
    <controlfield tag="005">20240309072738.0</controlfield>
    <controlfield tag="008">830221s1548    sz a          001 0 lat c</controlfield>
    <datafield tag="010" ind1=" " ind2=" ">
      <subfield code="a">agr12001356 </subfield>
    </datafield>
    <datafield tag="040" ind1=" " ind2=" ">
      <subfield code="a">U.S. Dept. of agr. Library</subfield>
      <subfield code="b">eng</subfield>
      <subfield code="e">rda</subfield>
      <subfield code="e">dcrmr</subfield>
      <subfield code="c">TYC</subfield>
      <subfield code="d">TYC</subfield>
      <subfield code="d">OCL</subfield>
      <subfield code="d">OCLCQ</subfield>
      <subfield code="d">OCLCG</subfield>
      <subfield code="d">OCLCA</subfield>
      <subfield code="d">OCLCF</subfield>
      <subfield code="d">OCLCO</subfield>
      <subfield code="d">OCLCQ</subfield>
      <subfield code="d">OCLCO</subfield>
      <subfield code="d">JDP</subfield>
      <subfield code="d">OCLCO</subfield>
      <subfield code="d">QGJ</subfield>
      <subfield code="d">OCLCO</subfield>
      <subfield code="d">OCLCL</subfield>
      <subfield code="d">OCLCQ</subfield>
    </datafield>
    <datafield tag="035" ind1=" " ind2=" ">
      <subfield code="a">(OCoLC)9240226</subfield>
    </datafield>
    <datafield tag="050" ind1=" " ind2="4">
      <subfield code="a">S515</subfield>
      <subfield code="b">.C68</subfield>
    </datafield>
    <datafield tag="070" ind1=" " ind2=" ">
      <subfield code="a">30C862</subfield>
    </datafield>
    <datafield tag="082" ind1=" " ind2=" ">
      <subfield code="a">30C862</subfield>
    </datafield>
    <datafield tag="100" ind1="1" ind2=" ">
      <subfield code="a">Crescenzi, Pietro de',</subfield>
      <subfield code="d">approximately 1233-approximately 1320,</subfield>
      <subfield code="e">author.</subfield>
      <subfield code="4">aut</subfield>
      <subfield code="1">https://id.oclc.org/worldcat/entity/E39PBJpPGwxXXQCvb49Pm76BT3</subfield>
    </datafield>
    <datafield tag="240" ind1="1" ind2="0">
      <subfield code="a">Ruralia commoda</subfield>
    </datafield>
    <datafield tag="245" ind1="1" ind2="0">
      <subfield code="a">De omnibus agriculturae partibus, &amp; de plantarum animaliumq[ue]; natura &amp; utilitate lib. XII. :</subfield>
      <subfield code="b">non minus philosophiae &amp; medicinae, quàm oeconomiae, agricolationis, pastionumq́[ue] studiosis utiles /</subfield>
      <subfield code="c">Per longo rerum usu exercitatum optimum agricolam &amp; philosophum Petrum Crescentiensem principem Reipub. Bononiensis, probata fide &amp; doctrina conscripti ad Carolum Sicile regem, ante an. CXXX. ad autoris tempo rescripta exemplaria denuò collati &amp; emendati.</subfield>
    </datafield>
    <datafield tag="246" ind1="3" ind2=" ">
      <subfield code="a">De omnibus agriculturæ partibus, &amp; de plantarum animaliumq[ue]; natura &amp; utilitate lib. XII :</subfield>
      <subfield code="b">non minus philosophiæ &amp; medicinæ, quàm oeconomiæ, agricolationis, pastionumq́[ue] studiosis utiles</subfield>
    </datafield>
    <datafield tag="264" ind1=" " ind2="1">
      <subfield code="a">Basileae, :</subfield>
      <subfield code="b">per Henrichum Petri,</subfield>
      <subfield code="c">mense Martio, anno M. D. XLVIII. [1548]</subfield>
    </datafield>
    <datafield tag="300" ind1=" " ind2=" ">
      <subfield code="a">6 preliminary leaves, 385, [1] pages :</subfield>
      <subfield code="b">illustrations ;</subfield>
      <subfield code="c">34 cm (folio)</subfield>
    </datafield>
    <datafield tag="336" ind1=" " ind2=" ">
      <subfield code="a">text</subfield>
      <subfield code="b">txt</subfield>
      <subfield code="2">rdacontent</subfield>
    </datafield>
    <datafield tag="337" ind1=" " ind2=" ">
      <subfield code="a">unmediated</subfield>
      <subfield code="b">n</subfield>
      <subfield code="2">rdamedia</subfield>
    </datafield>
    <datafield tag="338" ind1=" " ind2=" ">
      <subfield code="a">volume</subfield>
      <subfield code="b">nc</subfield>
      <subfield code="2">rdacarrier</subfield>
    </datafield>
    <datafield tag="340" ind1=" " ind2=" ">
      <subfield code="m">folio</subfield>
      <subfield code="2">rdabf</subfield>
    </datafield>
    <datafield tag="500" ind1=" " ind2=" ">
      <subfield code="a">Date of publication from colophon.</subfield>
    </datafield>
    <datafield tag="500" ind1=" " ind2=" ">
      <subfield code="a">Imprint: Basileae per Henrichum Petri.</subfield>
    </datafield>
    <datafield tag="500" ind1=" " ind2=" ">
      <subfield code="a">Colophon: Basileae,  per Henrichum Petri, mense Martio, anno M. D. XLVIII.</subfield>
    </datafield>
    <datafield tag="500" ind1=" " ind2=" ">
      <subfield code="a">Paging irregular: 113-120 repeated in numbering; 299 numbered 269; 329-330 numbered 331-332; 340 numbered 304.</subfield>
    </datafield>
    <datafield tag="500" ind1=" " ind2=" ">
      <subfield code="a">Printer's device on title page and on verso of final leaf.</subfield>
    </datafield>
    <datafield tag="500" ind1=" " ind2=" ">
      <subfield code="a">Includes index.</subfield>
    </datafield>
    <datafield tag="500" ind1=" " ind2=" ">
      <subfield code="a">Dedication in decorated border,</subfield>
    </datafield>
    <datafield tag="500" ind1=" " ind2=" ">
      <subfield code="a">Signatures: a⁶, A-2K⁶.</subfield>
    </datafield>
    <datafield tag="500" ind1=" " ind2=" ">
      <subfield code="a">The first edition was published as early as 1471 at Augsburg, Germany and at the same time also at Strassbourg, both editions under the title "Opus ruralium commodorum". This second Petri edition (first 1538) has an entiry different set of blocks for all of the illustrations for this edition, none of them resembling the heavier work found in the edition of Peter Drach, [1490-1495], or of the 1512 edition.</subfield>
    </datafield>
    <datafield tag="510" ind1="4" ind2=" ">
      <subfield code="a">Verzeichnis der im deutschen Sprachbereich erschienenen Drucke des 16. Jahrhunderts (VD 16),</subfield>
      <subfield code="c">C 2930</subfield>
    </datafield>
    <datafield tag="510" ind1="4" ind2=" ">
      <subfield code="a">Adams, H.M. Catalogue of books printed on the continent of Europe, 1501-1600, in Cambridge libraries,</subfield>
      <subfield code="c">P 1832</subfield>
    </datafield>
    <datafield tag="520" ind1="3" ind2=" ">
      <subfield code="a">The best work on agriculture written in the Middle Ages, by Petrus Crescentiis (Bologna 1230-1320). It has had a great impact, first in Italy itself, later also through the whole of Europe. The work is divided into twelve sections, each of which addressed itself to a specific agricultural topic. Book I discusses the best location and arrangement of a manor, villa, or farm, and touches on every necessary point from proper water supply to the dues of the head of the household. Book II provides the farmer with the botanical background needed to raise every kind of crop. Book III tells how to build a granary and a threshing floor, and how to cultivate cereal, forage, and food crops. Book IV is on vines, wine-making, the means of preserving both fresh and dried grapes. Books V and VI are on arboriculture and horticulture, respectively. Book VII is on meadows and woods, while Book VIII, which contains a quantity of original material, is on gardens, and is very much the model for gardening books of the 16th and 17th centuries. Book IX concerns animal husbandry and bee-keeping. Book XI offers a general summary of the work, and Book XII is a calendar of duties and tasks to be performed month by month.</subfield>
    </datafield>
    <datafield tag="545" ind1=" " ind2=" ">
      <subfield code="a">Crescenzi was born in Bologna approximately 1233. He first studied medicine and natural sciences but then became a lawyer. He compiled his text around 1306, drawing on the Roman writers whose works form the 'Scriptores rei rusticae', Cato, Columella, Varro, and Palladius.</subfield>
    </datafield>
    <datafield tag="650" ind1=" " ind2="0">
      <subfield code="a">Agriculture</subfield>
      <subfield code="v">Early works to 1800.</subfield>
    </datafield>
    <datafield tag="650" ind1=" " ind2="6">
      <subfield code="a">Agriculture</subfield>
      <subfield code="v">Ouvrages avant 1800.</subfield>
    </datafield>
    <datafield tag="650" ind1=" " ind2="7">
      <subfield code="a">Agriculture</subfield>
      <subfield code="2">fast</subfield>
    </datafield>
    <datafield tag="655" ind1=" " ind2="7">
      <subfield code="a">Early works</subfield>
      <subfield code="2">fast</subfield>
    </datafield>
    <datafield tag="700" ind1="0" ind2=" ">
      <subfield code="a">Charles</subfield>
      <subfield code="b">I,</subfield>
      <subfield code="c">King of Naples,</subfield>
      <subfield code="d">1226-1285,</subfield>
      <subfield code="e">dedicatee.</subfield>
      <subfield code="4">dte</subfield>
      <subfield code="1">https://id.oclc.org/worldcat/entity/E39PBJpyhYpKqP4gB6HxbJhbVC</subfield>
    </datafield>
    <datafield tag="700" ind1="1" ind2=" ">
      <subfield code="a">Petri, Heinrich,</subfield>
      <subfield code="d">1508-1579,</subfield>
      <subfield code="e">printer.</subfield>
      <subfield code="4">prt</subfield>
      <subfield code="1">https://id.oclc.org/worldcat/entity/E39PBJx8JRtc7qhTbWq9RHjgrq</subfield>
    </datafield>
    <datafield tag="752" ind1=" " ind2=" ">
      <subfield code="a">Switzerland</subfield>
      <subfield code="d">Basel,</subfield>
      <subfield code="e">publication place.</subfield>
      <subfield code="4">pup</subfield>
    </datafield>
    <datafield tag="758" ind1=" " ind2=" ">
      <subfield code="i">has work:</subfield>
      <subfield code="a">De omnibus agriculturæ partibus, et de Plantarum, animaliumq (Text)</subfield>
      <subfield code="1">https://id.oclc.org/worldcat/entity/E39PCFFrHr8YwPKBpRx49Mctrq</subfield>
      <subfield code="4">https://id.oclc.org/worldcat/ontology/hasWork</subfield>
    </datafield>
  </record>